Stolice bez litery I - Statystyki

Ogólne statystyki
  • Ten quiz został rozwiązany 349 razy
  • Średni wynik to 45 z 114
Statystyki odpowiedzi
Stolica % Poprawnych
Warszawa
97%
Moskwa
83%
Madryt
81%
Paryż
78%
Waszyngton, D.C.
78%
Londyn
77%
Oslo
76%
Rzym
76%
Praga
75%
Ryga
73%
Sztokholm
72%
Budapeszt
70%
Amsterdam
68%
Bratysława
68%
Bukareszt
68%
Bruksela
66%
Ottawa
66%
Ateny
65%
Kopenhaga
62%
Zagrzeb
62%
Meksyk
61%
Andora
60%
Luksemburg
59%
Watykan
59%
Canberra
57%
Ankara
55%
Seul
55%
Vaduz
55%
Belgrad
53%
Berno
53%
Bogota
52%
Lublana
51%
Skopje
51%
Valletta
51%
Nursułtan
49%
Rabat
48%
Sarajewo
48%
Monako
47%
Hawana
45%
Bagdad
43%
Baku
43%
Teheran
43%
Ułan Bator
43%
Panama
42%
Bangkok
40%
Ad-Dauha
39%
Caracas
39%
Dżakarta
39%
Erywań
39%
Dakar
38%
Damaszek
37%
Gwatemala
36%
La Paz / Sucre
36%
Pjongjang
36%
Amman
35%
Kuwejt
35%
Sana
35%
Kabul
34%
Kapsztad
34%
Kuala Lumpur
34%
Chartum
32%
Georgetown
31%
Katmandu
31%
Male
30%
Maskat
30%
Dhaka
29%
Luanda
29%
Phnom Penh
29%
San José
29%
Dodoma
28%
Duszanbe
28%
San Salvador
28%
Abudża
27%
Antananarywa
27%
Bejrut
27%
Dżuba
27%
Aszchabad
26%
Freetown
26%
Harare
26%
Belmopan
25%
Managua
25%
Manama
25%
Nassau
25%
Ndżamena
24%
Taszkent
24%
Akra
23%
Lomé
23%
Lusaka
23%
Asmara
22%
Maputo
22%
Bandżul
21%
Gaborone
21%
Jaunde
21%
Kampala
21%
Suva
21%
Konakry
20%
Mbabane
20%
Port Moresby
20%
Porto-Novo
20%
Tajpej
20%
Maseru
19%
Roseau
19%
São Tomé
19%
Wagadugu
19%
Bamako
18%
Basseterre
18%
Majuro
18%
Malabo
18%
Yaren
17%
Jamusukro
16%
Nawakszut
15%
Tarawa
15%
Nuku'alofa
9%
Ngerulmud
7%
Nie znaleziono quizów pasujących do podanych kryteriów
Rozkład punktacji
Procent ludzi z każdym wynikiem
Percentyl według liczby udzielonych odpowiedzi
Twoja historia wyników
Nie rozwiązałeś tego quizu